Discovering the expanding universe / (Record no. 8694)

MARC details
000 -LEADER
fixed length control field 01879cam a22003257a 4500
001 - CONTROL NUMBER
control field 15868227
003 - CONTROL NUMBER IDENTIFIER
control field OSt
005 - DATE AND TIME OF LATEST TRANSACTION
control field 20240621121136.0
008 - FIXED-LENGTH DATA ELEMENTS--GENERAL INFORMATION
fixed length control field 090814s2009 enka b 001 0 eng
010 ## - LIBRARY OF CONGRESS CONTROL NUMBER
LC control number 2009280739
015 ## - NATIONAL BIBLIOGRAPHY NUMBER
National bibliography number GBA915094
Source bnb
016 7# - NATIONAL BIBLIOGRAPHIC AGENCY CONTROL NUMBER
Record control number 014903684
Source Uk
020 ## - INTERNATIONAL STANDARD BOOK NUMBER
International Standard Book Number 9780521514842 (hbk.)
020 ## - INTERNATIONAL STANDARD BOOK NUMBER
International Standard Book Number 0521514843 (hbk.)
035 ## - SYSTEM CONTROL NUMBER
System control number (OCoLC)ocn268793785
040 ## - CATALOGING SOURCE
Original cataloging agency UKM
Transcribing agency MUST
Modifying agency BTCTA
-- YDXCP
-- BWKUK
-- BWK
-- OCLCQ
-- NLGGC
-- VVC
-- DLC
082 04 - DEWEY DECIMAL CLASSIFICATION NUMBER
Classification number 523.18 NUS 2009
100 1# - MAIN ENTRY--PERSONAL NAME
Personal name Nussbaumer, Harry.
9 (RLIN) 17575
245 10 - TITLE STATEMENT
Title Discovering the expanding universe /
Statement of responsibility, etc. Harry Nussbaumer, Lydia Bieri.
260 ## - PUBLICATION, DISTRIBUTION, ETC. (IMPRINT)
Place of publication, distribution, etc. Cambridge ;
-- New York :
Name of publisher, distributor, etc. Cambridge University Press,
Date of publication, distribution, etc. 2009.
300 ## - PHYSICAL DESCRIPTION
Extent xvii, 226 p. :
Other physical details ill. ;
Dimensions 26 cm.
504 ## - BIBLIOGRAPHY, ETC. NOTE
Bibliography, etc Includes bibliographical references (p. 210-219) and index.
505 0# - FORMATTED CONTENTS NOTE
Formatted contents note Introduction -- Cosmological concepts at the end of the Middle Ages -- Nebulae as a new astronomical phenomenon -- On the construction of the heavens -- Island universes turn into astronomical facts: a universe of galaxies -- The early cosmology of Einstein and de Sitter -- The dynamical universe of Friedmann -- Redshifts: how to reconcile Slipher and de Sitter? -- Lemaitre discovers the expanding universe -- Hubble's contribution of 1929 -- The breakthrough for the expanding universe -- Hubble's anger about de Sitter -- Robertson and Tolman join the game -- The Einstein-de Sitter universe -- Are the sun and earth older than the universe? -- In search of alternative tracks -- The seed for the Big Bang -- Summary and postscript.
650 #0 - SUBJECT ADDED ENTRY--TOPICAL TERM
Topical term or geographic name as entry element Cosmology
General subdivision History.
9 (RLIN) 13830
650 #0 - SUBJECT ADDED ENTRY--TOPICAL TERM
Topical term or geographic name as entry element Expanding universe.
9 (RLIN) 13329
700 1# - ADDED ENTRY--PERSONAL NAME
Personal name Bieri, Lydia,
Dates associated with a name 1972-
9 (RLIN) 17576
906 ## - LOCAL DATA ELEMENT F, LDF (RLIN)
a 7
b cbc
c copycat
d 2
e ncip
f 20
g y-gencatlg
942 ## - ADDED ENTRY ELEMENTS (KOHA)
Source of classification or shelving scheme Dewey Decimal Classification
Koha item type Open Shelf
Holdings
Withdrawn status Lost status Source of classification or shelving scheme Damaged status Not for loan Home library Current library Date acquired Source of acquisition Inventory number Total Checkouts Full call number Barcode Date last seen Price effective from Koha item type
    Dewey Decimal Classification     MUST Main Library MUST Main Library 21/06/2024 Donation 2011/32998   523.18 NUS 2009 2024-20993 21/06/2024 21/06/2024 Open Shelf